Historia de una biblioteca /
Αποθηκεύτηκε σε:
| Κύριος συγγραφέας: | |
|---|---|
| Μορφή: | Άγνωστο |
| Γλώσσα: | Spanish |
| Έκδοση: |
[Lugar de publicación no identificados] :
[editor no identificado],
[fecha de publicación no identificado].
|
| Θέματα: | |
| Ετικέτες: |
Προσθήκη ετικέτας
Δεν υπάρχουν, Καταχωρήστε ετικέτα πρώτοι!
|
MARC
| LEADER | 000000000a22000000004500 | ||
|---|---|---|---|
| 001 | 004335 | ||
| 041 | 0 | |a spa | |
| 082 | 0 | 4 | |a Ar861.4 |b I46h |
| 100 | 1 | |a Ingenieros, José | |
| 245 | 1 | 0 | |a Historia de una biblioteca / |c José Ingenieros. |
| 260 | 1 | |a [Lugar de publicación no identificados] : |b [editor no identificado], |c [fecha de publicación no identificado]. | |
| 500 | |a Estos artículos de Ingenieros fueron publicados en el Repertorio Americano. | ||
| 650 | 4 | |a INGENIEROS, JOSE | |
| 650 | 4 | |a ARTICULOS | |
| 650 | 4 | |a LITERATURA ARGENTINA | |
| 650 | 4 | |a ENSAYOS | |
| 650 | 4 | |a REPERTORIO AMERICANO | |
| 999 | |c 10549 |d 10549 | ||
| 942 | |c BK |h Ar861.4 I46h |2 z | ||
